| 000 | 00374nam a2200157Ia 4500 | ||
|---|---|---|---|
| 008 | 230524s9999 xx 000 0 und d | ||
| 082 |
_a6.43 _bANT |
||
| 100 | _aJames L.Antonakos | ||
| 245 | 4 | _aThe Pentium Microprocessor | |
| 250 | _a2ND | ||
| 260 |
_aNEW DELHI _bPearson _c2002 |
||
| 300 | _aXV;539 | ||
| 500 | _aQuantity Number: 2 | ||
| 650 | _aComp-Sc | ||
| 942 | _cBK | ||
| 999 |
_c25752 _d25752 |
||